Legal Aspects of Targeted Killing Using Drones

Právne aspekty cieleného zabíjania použitím dronov. Cielené použitie sily, extrateritoriálne použitie sily. Medzinárodné ľudské práva, medzinárodné humanitárne právo. Zodpovednosť a transparentnosť.

Guardado en:
Detalles Bibliográficos
Autor principal: Klenka, Michal
Formato: Capítulo de libro
Lenguaje:inglés
Materias:
Etiquetas: Agregar Etiqueta
Sin Etiquetas, Sea el primero en etiquetar este registro!

MARC

LEADER 00000nla a2200000 4500
001 0229268
005 20251204131035.1
041 0 |a eng 
044 |a MD 
245 1 0 |a Legal Aspects of Targeted Killing Using Drones  |c Michal Klenka 
520 |a Právne aspekty cieleného zabíjania použitím dronov. Cielené použitie sily, extrateritoriálne použitie sily. Medzinárodné ľudské práva, medzinárodné humanitárne právo. Zodpovednosť a transparentnosť. 
610 2 0 |a lietadlá 
610 2 0 |a drony 
610 2 0 |a konflikty medzinárodné 
610 2 0 |a právo humanitárne medzinárodné 
610 2 0 |a práva ľudské 
100 1 |a Klenka, Michal